Mood Swings - Pop Smoke feat. Lil Tjay (Full lyrics) - Statistics

General Stats
  • This quiz has been taken 47 times
  • The average score is 346 of 553
Answer Stats
Lyrics % Correct
a
100%
I
100%
B
97%
lil'
97%
oh,
97%
And
93%
and
93%
baddie
93%
boo
93%
mood
93%
Shorty
93%
shorty
93%
swings
93%
thing
93%
got
90%
Got
90%
me
90%
me,
90%
me?
90%
Me
90%
she
90%
She
90%
the
90%
The
90%
time
90%
Uh
90%
my
87%
My
87%
on
87%
you
87%
You
87%
Every
83%
fatty
83%
fuck
83%
fuck,
83%
be
80%
in
80%
in,
80%
wit'
80%
it
77%
rubber
77%
with
77%
do
73%
eyes
73%
her
73%
kiss
73%
lie
73%
nut
73%
nutted
73%
tell
73%
without
73%
your
73%
ain't
70%
Ain't
70%
can
70%
catching
70%
covers
70%
we
70%
call
67%
daddy
67%
don't
67%
'Cause
63%
even
63%
gon'
63%
kept
63%
love
63%
that
63%
because
60%
into
60%
know,
60%
know
60%
undercover
60%
First
57%
pussy
57%
Pussy
57%
to
57%
when
57%
looked
53%
no
53%
see
53%
until
53%
blushin',
50%
it's
50%
It's
50%
like
50%
mama
50%
nasty
50%
never
50%
panties
50%
through
50%
Through
50%
baby,
47%
baby
47%
Baby,
47%
candy
47%
Get
47%
get
47%
I'm
47%
put
47%
virgin
47%
out
43%
taste
43%
thang
43%
up
43%
work
43%
can't
40%
could
40%
fan,
40%
if
40%
so
40%
So
40%
thighs
40%
bitch
37%
fancy
37%
found
37%
make
37%
queen,
37%
Uber
37%
want
37%
yeah,
37%
best
33%
biggest
33%
Chanel
33%
From
33%
man,
33%
need
33%
new?
33%
now
33%
only
33%
said
33%
shoppin'
33%
stand
33%
Birkin,
30%
brand
30%
city
30%
friend,
30%
mine,
30%
mine
30%
pretty
30%
tried
30%
vibe,
30%
vibe
30%
Why
30%
workin'
30%
again
27%
always
27%
bruises
27%
Celine,
27%
did
27%
dress,
27%
everything
27%
give
27%
gotta
27%
Grammy
27%
inside
27%
keep
27%
Keep
27%
off
27%
take
27%
they
27%
Bentley
23%
breasts
23%
butt,
23%
Couldn't
23%
crib
23%
gettin'
23%
Girl,
23%
girl,
23%
high
23%
hold
23%
I'll
23%
I'ma
23%
knees,
23%
leavin'
23%
neck
23%
Nefertiti
23%
night
23%
plan
23%
text
23%
wanna
23%
actin'
20%
backed
20%
cry
20%
dime
20%
feel
20%
Four
20%
have
20%
help
20%
just
20%
Just
20%
keys
20%
kissin'
20%
lurkin'
20%
massagin'
20%
mind,
20%
picture,
20%
pulled
20%
rubbin'
20%
sent
20%
sex,
20%
storm,
20%
Valentino,
20%
wake
20%
would
20%
yet,
20%
bigger
17%
bring
17%
Close
17%
day
17%
decide
17%
dry
17%
find
17%
gave
17%
hope
17%
Hope
17%
is
17%
Late
17%
liftin'
17%
next
17%
spin
17%
Start
17%
start
17%
there
17%
told
17%
tsunami,
17%
very
17%
bed
13%
fuckin'
13%
guys
13%
Honestly,
13%
leave
13%
lookin'
13%
rounds
13%
silent,
13%
sleep,
13%
what's
13%
imperfections,
10%
nothin'
10%
sign?
10%
sittin'
10%
slow
10%
something
10%
fine
7%
'fore
7%
grind
7%
there's
7%
against
3%
bitches
3%
fucked
3%
great
3%
No matching quizzes found
Score Distribution
Percent of People with Each Score
Percentile by Number Answered
Your Score History
You have not taken this quiz